000 01085nam a2200265Ia 4500
003 OSt
005 20220923211508.0
006 a|||||r|||| 00| 0
007 ta
008 220922b |||||||| |||| 00| 0 hin d
020 _a9789352872640 (pbk)
_c235
024 _a348,737
037 _b351/2018-19, 13/03/2019, Sai Global India Books
_cTextual
040 _aARTS
_cARTS
_bhin
041 _2hin
_ahin
082 _aY592, 152Q8
100 _aओम्वेट, गेल, ले.
245 0 _aजाति की समझ
_b महात्मा बुद्ध से बाबासाहेब अम्बेडकर और उनके बाद
246 _aJāti kī samaza: hinātmā buddha se bābāsāheb ambeḍakar aur unake bāda
260 _aहैदराबाद
_b ओरियंट ब्लैकस्वॉन
_c2018
300 _a129पृ.
_ccm.
650 _aजाति
942 _hY592, 152Q8
_cTEXL
_2CC
999 _c300136
_d300136